Nghiên cứu biện pháp sử dụng vi sinh vật để làm giảm nồng độ Benzen trong nước thải : Luận văn tốt nghiệp Đại học. Chuyên ngành Khoa học Môi trường

Sử dụng vi sinh vật có sẵn trong tự nhiên để làm giảm nồng độ Benzen trong nước thải trong điều kiện phòng thí nghiệm.

Bewaard in:
Bibliografische gegevens
Hoofdauteur: Huỳnh, Thị Thanh Lan
Formaat: Boek
Taal:Undetermined
Gepubliceerd in: Cần Thơ Đại học Cần Thơ 2010
Onderwerpen:
Tags: Voeg label toe
Geen labels, Wees de eerste die dit record labelt!
Thư viện lưu trữ: Trung tâm Học liệu Trường Đại học Cần Thơ
LEADER 01105nam a2200205Ia 4500
001 CTU_168083
008 210402s9999 xx 000 0 und d
082 |a 363.72 
082 |b L105 
100 |a Huỳnh, Thị Thanh Lan 
245 0 |a Nghiên cứu biện pháp sử dụng vi sinh vật để làm giảm nồng độ Benzen trong nước thải : 
245 0 |b Luận văn tốt nghiệp Đại học. Chuyên ngành Khoa học Môi trường 
245 0 |c Huỳnh Thị Thanh Lan ; Nguyễn Thị Như Ngọc, Lê Anh Kha (Cán bộ hướng dẫn) 
260 |a Cần Thơ 
260 |b Đại học Cần Thơ 
260 |c 2010 
520 |a Sử dụng vi sinh vật có sẵn trong tự nhiên để làm giảm nồng độ Benzen trong nước thải trong điều kiện phòng thí nghiệm. 
650 |a Environmental pollution,Microorganisms,Ô nhiễm môi trường,Ô nhiễm môi trường,Vi sinh vật 
904 |i Năm 
980 |a Trung tâm Học liệu Trường Đại học Cần Thơ